[Event "8th ch-Euro"]
[Site "Dresden GER"]
[Date "2007.04.04"]
[Round "2"]
[White "Cheparinov,I"]
[Black "Georgiev,Vl"]
[Result "1/2-1/2"]
[WhiteElo "2640"]
[BlackElo "2525"]
[EventDate "2007.04.03"]

1. e4 e5 2. Nf3 Nc6 3. Bb5 a6 4. Ba4 Nf6 5. O-O Bc5 6. c3 b5 7. Bb3 d6 8.
a4 Bg4 9. h3 Bxf3 10. Qxf3 b4 11. d3 bxc3 12. bxc3 Qb8 13. Ba2 Nd4 14. Qd1
O-O 15. Nd2 Ne6 16. Nc4 a5 17. Rb1 Qa7 18. Rb5 c6 19. Rxa5 Qc7 20. Rxa8
Rxa8 21. Ne3 Qa5 22. Ng4 Nxg4 23. Qxg4 Kh8 24. Qf5 Qxa4 25. Bc4 Qa7 26.
Bxe6 fxe6 27. Qxe6 Qa2 28. Qe7 Qa7 29. Qxa7 Rxa7 30. Bd2 Ra2 31. Rd1 Kg8
32. Kf1 Kf7 33. Be1 Ba3 34. Rd2 Ra1 35. Ke2 d5 36. exd5 cxd5 37. Rc2 Ke6
38. c4 Kd6 39. cxd5 Kxd5 40. Rc7 Bf8 41. Rf7 Ra8 42. Kf3 Ke6 43. Rc7 Ra3
44. Ke4 Ra4+ 45. Rc4 Ra2 46. Ke3 Kd5 47. Bb4 Bxb4 48. Rxb4 Ra7 49. h4 Rf7
50. g3 Ra7 51. h5 Ke6 52. Ke4 Ra6 53. Rb8 Ra4+ 54. Ke3 Rg4 55. h6 gxh6 56.
Rb6+ Kf5 57. Rxh6 Rg7 58. Rh5+ Kf6 59. Ke4 Rg4+ 60. Kf3 Rd4 61. Ke3 Rd7 62.
g4 Ra7 63. f3 Ke6 64. Rh6+ Kd5 65. Rf6 Ra1 66. Rh6 Ra7 67. Rf6 Ra1 68. f4
Rg1 69. Rf5 Rg3+ 70. Ke2 Rxg4 71. Rxe5+ Kd4 72. Re4+ Kd5 73. Kf3 Rg1 74.
Re5+ Kd4 75. Re7 Rf1+ 76. Kg4 h5+ 77. Kg5 Kxd3 78. f5 h4 79. f6 h3 80. Rh7
Rf3 81. Kg6 Ke2 82. f7 Rg3+ 83. Kf6 Kf2 84. Ke6 Re3+ 1/2-1/2

[Event "8th ch-Euro"]
[Site "Dresden GER"]
[Date "2007.04.04"]
[Round "2"]
[White "Gajewski,G"]
[Black "Movsesian,S"]
[Result "0-1"]
[WhiteElo "2540"]
[BlackElo "2637"]
[EventDate "2007.04.03"]

1. d4 d5 2. c4 c6 3. Nf3 Nf6 4. Nc3 a6 5. c5 Nbd7 6. Bf4 Nh5 7. Bd2 Nhf6 8.
Rc1 g6 9. h3 Qc7 10. g3 Bg7 11. Bf4 Qd8 12. Bg2 O-O 13. O-O Nh5 14. Bd2 f5
15. Na4 e5 16. dxe5 Nxe5 17. Bc3 Nxf3+ 18. Bxf3 Bxc3 19. Rxc3 Ng7 20. Nb6
Rb8 21. e3 Be6 22. b4 g5 23. Bg2 f4 24. exf4 gxf4 25. Re1 Qc7 26. Qd4 Rbe8
27. Re5 fxg3 28. Rxg3 Bf5 29. Ree3 Bg6 30. Rxe8 Rxe8 31. Re3 Rf8 32. Re1
Nh5 33. Qe5 Qf7 34. Nxd5 Qxf2+ 35. Kh1 cxd5 36. Bxd5+ Rf7 37. Bxf7+ Qxf7
38. Qe6 Nf4 39. Qxf7+ Bxf7 40. a3 Bd5+ 41. Kh2 Bc6 42. Kg3 Nd5 43. Kg4 Bd7+
44. Kf3 Kf7 45. Ke4 Nf6+ 46. Ke5 Bxh3 47. Rh1 Bg2 48. Rg1 Nd7+ 49. Kd6 Bc6
50. Kc7 Nf6 51. Kb8 Nd5 52. Rh1 Kg7 53. Rg1+ Kh8 54. Rg4 h6 55. a4 Nc3 56.
b5 axb5 57. a5 Nd5 58. Rg6 Nb4 59. Rxh6+ Kg7 60. Rd6 Na6+ 61. Ka7 Nxc5 62.
Rxc6 bxc6 63. Kb6 Na6 0-1

[Event "8th ch-Euro"]
[Site "Dresden GER"]
[Date "2007.04.04"]
[Round "2"]
[White "Chuchelov,V"]
[Black "Tomashevsky,E"]
[Result "0-1"]
[WhiteElo "2539"]
[BlackElo "2624"]
[EventDate "2007.04.03"]

1. d4 Nf6 2. Nf3 e6 3. c4 b6 4. g3 Ba6 5. b3 d5 6. cxd5 exd5 7. Bg2 Bb4+ 8.
Bd2 Bd6 9. Nc3 O-O 10. O-O Nbd7 11. Rc1 Re8 12. Re1 Ba3 13. Rc2 Bf8 14. Bg5
Bb7 15. Nd2 h6 16. Bf4 g5 17. Bxc7 Qxc7 18. Nxd5 Qb8 19. Nc7 Bxg2 20. Kxg2
Qb7+ 21. Kg1 Bb4 22. Nxa8 Qxa8 23. Rf1 b5 24. Nf3 Qd5 25. Qd3 Kg7 26. Rc7
Ne4 27. Ne5 Nxe5 28. dxe5 Qxe5 29. Rxa7 Bc5 30. Rd7 b4 31. Kg2 Nf6 32. Rb7
Qxe2 33. Qxe2 Rxe2 34. Rc7 Rc2 35. a3 Nd5 36. Rc8 bxa3 37. Kf3 a2 38. Ke4
Nb4 0-1

[Event "8th ch-Euro"]
[Site "Dresden GER"]
[Date "2007.04.04"]
[Round "2"]
[White "Sutovsky,E"]
[Black "Ruck,R"]
[Result "1/2-1/2"]
[WhiteElo "2629"]
[BlackElo "2531"]
[EventDate "2007.04.03"]

1. e4 c6 2. d4 d5 3. e5 Bf5 4. Nc3 e6 5. g4 Bg6 6. Nge2 c5 7. Be3 Nc6 8.
dxc5 Nxe5 9. Nd4 Nd7 10. b4 Be7 11. Bb5 h5 12. g5 Bxg5 13. c6 bxc6 14. Nxc6
Qf6 15. Bd4 Qf4 16. Ne5 Ngf6 17. Rg1 Bh6 18. Ne2 Qxh2 19. Nxg6 fxg6 20. Qd3
O-O 21. Qxg6 Ne5 22. Qg3 Qxg3 23. Rxg3 Nfg4 24. Ng1 Rf4 25. c3 Nf6 26. Be2
Rf5 27. b5 Ne4 28. Rh3 g6 29. a4 Nd7 1/2-1/2

[Event "8th ch-Euro"]
[Site "Dresden GER"]
[Date "2007.04.04"]
[Round "2"]
[White "Mista,A"]
[Black "Moiseenko,A1"]
[Result "0-1"]
[WhiteElo "2542"]
[BlackElo "2627"]
[EventDate "2007.04.03"]

1. e4 c5 2. Nf3 Nc6 3. d4 cxd4 4. Nxd4 e5 5. Nb5 d6 6. N1c3 a6 7. Na3 Be7
8. Nc4 b5 9. Ne3 Nf6 10. g3 O-O 11. Bg2 b4 12. Ncd5 Nxd5 13. Nxd5 Bg5 14.
Bxg5 Qxg5 15. a3 bxa3 16. Rxa3 Rb8 17. Qd2 Qxd2+ 18. Kxd2 Rxb2 19. Rc3 Bb7
20. Kc1 Ra2 21. Rxc6 Bxc6 22. Ne7+ Kh8 23. Nxc6 Rc8 24. Nb4 Ra1+ 25. Kd2
Rxh1 26. Bxh1 a5 27. Na2 g6 28. Bg2 Kg7 29. Nc3 f5 30. Bh3 Rf8 31. exf5
gxf5 32. f4 exf4 33. gxf4 Rf6 34. Nb5 Rh6 35. Bxf5 Rxh2+ 36. Kd3 Rh6 37.
Ke4 a4 38. Kd5 Rf6 39. Be6 h5 40. f5 h4 41. Nxd6 Rh6 42. Ke5 h3 43. f6+ Kf8
44. Ne4 h2 45. Ng3 Rg6 46. Nh1 Rg1 47. Bd5 Rg5+ 48. Kd4 0-1

[Event "8th ch-Euro"]
[Site "Dresden GER"]
[Date "2007.04.04"]
[Round "2"]
[White "Jovanovic,Zo CRO"]
[Black "Najer,E"]
[Result "1/2-1/2"]
[WhiteElo "2557"]
[BlackElo "2605"]
[EventDate "2007.04.03"]

1. e4 e6 2. d4 d5 3. Nc3 Nf6 4. Bg5 dxe4 5. Nxe4 Be7 6. Bxf6 gxf6 7. Nf3 f5
8. Nc3 a6 9. Qd2 b5 10. O-O-O Bb7 11. d5 b4 12. Bc4 bxc3 13. Qxc3 e5 14.
Nxe5 O-O 15. d6 Bxd6 16. Nxf7 Rxf7 17. Bxf7+ Kxf7 18. Qb3+ Kg7 19. Qxb7 Nd7
20. Rxd6 cxd6 21. Rd1 Rb8 22. Qxa6 Qf6 23. c3 Rb6 24. Qc4 Nc5 25. Qd4 Ra6
26. Kb1 h5 27. f3 Rc6 28. Kc2 Ra6 29. Kb1 Rc6 30. Kc2 Ra6 31. a3 Qxd4 32.
Rxd4 Kf6 33. Rh4 Kg5 34. Rc4 Ne6 35. Rc8 f4 36. Rg8+ Kf6 37. Rh8 Ra5 38.
Rh6+ Kf7 39. g3 Re5 40. gxf4 Re2+ 41. Kb3 Rxh2 42. f5 Ng5 43. a4 Nxf3 44.
a5 Nd2+ 45. Kb4 Ne4 46. Ka3 Rh1 47. Ka2 Rh4 48. Ka3 Rh1 49. Ka2 Rh4 50. a6
Nc5 51. b4 1/2-1/2

[Event "8th ch-Euro"]
[Site "Dresden GER"]
[Date "2007.04.04"]
[Round "2"]
[White "Nevednichy,V"]
[Black "Riazantsev,A"]
[Result "1/2-1/2"]
[WhiteElo "2567"]
[BlackElo "2629"]
[EventDate "2007.04.03"]

1. e4 c6 2. c4 d5 3. exd5 cxd5 4. cxd5 Nf6 5. Nc3 Nxd5 6. Nf3 e6 7. d4 Bb4
8. Bd2 Nc6 9. Bd3 Be7 10. a3 O-O 11. O-O Bf6 12. Be3 Nce7 13. Qc2 h6 14.
Bh7+ Kh8 15. Be4 Bd7 16. Bxd5 Nxd5 17. Nxd5 exd5 18. Ne5 Be6 19. Qd2 Kg8
20. Rac1 Qb6 21. Rc5 Be7 22. Rc3 Rfc8 23. Rfc1 Rxc3 24. Rxc3 Rc8 25. h3
Rxc3 26. Qxc3 1/2-1/2

[Event "8th ch-Euro"]
[Site "Dresden GER"]
[Date "2007.04.04"]
[Round "2"]
[White "Bocharov,D"]
[Black "David,Alb"]
[Result "1-0"]
[WhiteElo "2602"]
[BlackElo "2528"]
[EventDate "2007.04.03"]

1. d4 Nf6 2. c4 g6 3. Nf3 Bg7 4. g3 O-O 5. Bg2 c6 6. Nc3 Qa5 7. O-O d6 8.
e4 Bg4 9. h3 Bxf3 10. Bxf3 Nbd7 11. Rb1 c5 12. d5 a6 13. Bd2 Ne5 14. Be2 e6
15. Qc2 Qd8 16. a4 exd5 17. exd5 Ne8 18. f4 Nd7 19. Kg2 f5 20. g4 Bd4 21.
Bf3 Ng7 22. Ne2 h6 23. b4 Bf6 24. Kh2 Rc8 25. Rg1 cxb4 26. Rxb4 Kh8 27.
gxf5 gxf5 28. Rxb7 Nc5 29. Rb4 Qe7 30. Ng3 Rce8 31. Rbb1 Bd4 32. Rg2 Ne4
33. Bxe4 fxe4 34. Ne2 Bf6 35. Rbg1 Nf5 36. Rg6 Kh7 37. Bc3 Nh4 38. R6g3 Nf5
39. Bxf6 Qxf6 40. Rg4 Rf7 41. Qb1 Ne3 42. Rg6 Qxg6 43. Rxg6 Kxg6 44. Qg1+
1-0

[Event "8th ch-Euro"]
[Site "Dresden GER"]
[Date "2007.04.04"]
[Round "2"]
[White "Frolyanov,D"]
[Black "Hracek,Z"]
[Result "0-1"]
[WhiteElo "2521"]
[BlackElo "2619"]
[EventDate "2007.04.03"]

1. e4 c5 2. Nf3 d6 3. d4 cxd4 4. Nxd4 Nf6 5. Nc3 e6 6. Be2 Be7 7. O-O Nc6
8. Kh1 O-O 9. f4 Bd7 10. Be3 a6 11. a4 Rc8 12. Qe1 Nb4 13. Qg3 Rxc3 14.
bxc3 Nxe4 15. Qe1 Nd5 16. Bf3 Ndxc3 17. Bd2 Nxd2 18. Qxd2 Qc7 19. Bxb7 Bf6
20. Bf3 e5 21. fxe5 dxe5 22. Nb3 e4 23. Bh5 Be5 24. Rae1 Bxa4 25. Qe3 g6
26. Bg4 Bb5 27. Rf2 f5 28. Nc5 Nd5 29. Qa3 Bd6 30. Rd2 Bxc5 31. Qb3 Bb4 32.
Rxd5 Qc4 0-1

[Event "8th ch-Euro"]
[Site "Dresden GER"]
[Date "2007.04.04"]
[Round "2"]
[White "Fedorov,Alex"]
[Black "Pert,N"]
[Result "1/2-1/2"]
[WhiteElo "2624"]
[BlackElo "2518"]
[EventDate "2007.04.03"]

1. e4 e6 2. d4 d5 3. Nc3 Bb4 4. e5 c5 5. a3 Bxc3+ 6. bxc3 Ne7 7. Nf3 Bd7 8.
h4 Qa5 9. Bd2 Nbc6 10. h5 h6 11. Rb1 Qc7 12. Be2 O-O-O 13. O-O f6 14. Bf4
c4 15. exf6 Qxf4 16. fxe7 Rde8 17. g3 Qd6 18. Qc1 Rxe7 19. Nh4 Be8 20. Re1
Kb8 21. Bg4 Rg8 22. a4 g5 23. Nf3 e5 24. Qb2 e4 25. Nh2 Bf7 26. Qb5 Be8 27.
Qb2 Bf7 28. Qb5 Be8 1/2-1/2

[Event "8th ch-Euro"]
[Site "Dresden GER"]
[Date "2007.04.04"]
[Round "2"]
[White "Kulaots,K"]
[Black "Kozul,Z"]
[Result "1/2-1/2"]
[WhiteElo "2525"]
[BlackElo "2616"]
[EventDate "2007.04.03"]

1. e4 c5 2. Nf3 d6 3. d4 cxd4 4. Nxd4 Nf6 5. Nc3 Nc6 6. Bg5 e6 7. Qd2 a6 8.
O-O-O Bd7 9. f3 Rc8 10. Kb1 Be7 11. Nxc6 Bxc6 12. h4 h6 13. Be3 h5 14. Qf2
b5 15. e5 Nd5 16. Nxd5 Bxd5 17. Bb6 Qd7 18. Bd4 O-O 19. Bd3 dxe5 20. Bxe5
Bd6 21. Rhe1 Rfd8 22. Bd4 Qc6 23. Qd2 Be7 24. Qf4 Kf8 25. Be5 Bd6 26. Qg5
Bxe5 27. Qxe5 Qc5 28. b3 Bb7 29. Qxc5+ Rxc5 30. b4 Rc7 31. Be2 Rdc8 32. Bd3
Bd5 33. Re5 g6 34. Re3 Rd7 35. Kb2 Bc4 36. Rde1 Rdc7 37. c3 Rd8 38. Bxc4
Rxc4 39. g3 e5 40. R1e2 f6 41. Kc2 Kf7 42. Rd3 Rdc8 43. Kb3 Ke6 44. Rc2 g5
45. hxg5 fxg5 46. a4 h4 47. axb5 axb5 48. Rh2 Kf5 49. Rh3 R8c6 50. Kb2 Ke6
51. Re3 Kf5 52. Rd3 Ke6 53. Re3 Kf6 54. Rd3 Ke6 1/2-1/2

[Event "8th ch-Euro"]
[Site "Dresden GER"]
[Date "2007.04.04"]
[Round "2"]
[White "Winants,L"]
[Black "Mchedlishvili,M"]
[Result "1/2-1/2"]
[WhiteElo "2516"]
[BlackElo "2583"]
[EventDate "2007.04.03"]

1. d4 d5 2. c4 e6 3. Nc3 Bb4 4. e3 c5 5. a3 Bxc3+ 6. bxc3 Nc6 7. cxd5 exd5
8. Bd3 Nge7 9. Rb1 O-O 10. Ne2 b6 11. Ng3 Be6 12. O-O Qd7 13. f3 Rac8 14.
Rb2 Na5 15. Bb1 cxd4 16. cxd4 Rc3 17. Rc2 Rxc2 18. Qxc2 f5 19. Qd3 Nc4 20.
Re1 Nd6 1/2-1/2

[Event "8th ch-Euro"]
[Site "Dresden GER"]
[Date "2007.04.04"]
[Round "2"]
[White "Predojevic,B"]
[Black "Andriasian,Z"]
[Result "1/2-1/2"]
[WhiteElo "2587"]
[BlackElo "2508"]
[EventDate "2007.04.03"]

1. d4 d5 2. c4 c6 3. Nf3 Nf6 4. e3 Bf5 5. Nc3 e6 6. Nh4 Bg6 7. Nxg6 hxg6 8.
Bd2 Nbd7 9. Be2 Bd6 10. Qc2 Qe7 11. h3 O-O 12. O-O e5 13. cxd5 exd4 14.
exd4 Nxd5 15. Bf3 N7f6 16. Rfe1 Qd7 17. Na4 Rfe8 18. Nc5 Bxc5 19. dxc5
Rxe1+ 20. Rxe1 Re8 21. Rxe8+ Qxe8 22. Bc3 Nxc3 23. Qxc3 Nd5 24. Qd4 1/2-1/2

[Event "8th ch-Euro"]
[Site "Dresden GER"]
[Date "2007.04.04"]
[Round "2"]
[White "Jenni,F"]
[Black "Nijboer,F"]
[Result "1/2-1/2"]
[WhiteElo "2519"]
[BlackElo "2638"]
[EventDate "2007.04.03"]

1. e4 e5 2. Nf3 Nc6 3. Bb5 a6 4. Bxc6 dxc6 5. O-O Bd6 6. d4 exd4 7. Qxd4 f6
8. Nbd2 Be6 9. b3 Nh6 10. Nc4 Nf7 11. Rd1 Bc5 12. Qxd8+ Rxd8 13. Be3 Rxd1+
14. Rxd1 Bxc4 15. Bxc5 Be2 16. Rd2 Bxf3 17. gxf3 b6 18. Be3 Ke7 19. Kg2 Nd6
20. h4 Ke6 21. Kg3 f5 22. exf5+ Nxf5+ 23. Kg4 Rf8 24. h5 c5 25. Bg5 b5 26.
Re2+ Kd6 27. Bf4+ Kd7 28. Re5 Nd4 29. Bg3 Ne6 30. f4 g6 31. f5 gxf5+ 32.
Rxf5 Rxf5 33. Kxf5 Nd4+ 34. Kf6 Nxc2 35. Kg7 Ke6 36. Bxc7 Nb4 37. Kxh7 Kf7
38. Kh6 c4 39. bxc4 bxc4 40. a3 Nd3 41. Ba5 Nxf2 42. Kg5 c3 1/2-1/2

[Event "8th ch-Euro"]
[Site "Dresden GER"]
[Date "2007.04.04"]
[Round "2"]
[White "Dgebuadze,A"]
[Black "Grigoriants,S RUS"]
[Result "1/2-1/2"]
[WhiteElo "2504"]
[BlackElo "2592"]
[EventDate "2007.04.03"]

1. e4 c5 2. Nf3 Nc6 3. d4 cxd4 4. Nxd4 Nf6 5. Nc3 d6 6. Bc4 e6 7. Be3 a6 8.
Bb3 Qc7 9. Qe2 Be7 10. Rg1 h5 11. O-O-O Na5 12. Kb1 b5 13. Bg5 Bd7 14. f4
b4 15. Na4 g6 16. e5 dxe5 17. fxe5 Ng4 18. Bxe7 Kxe7 19. Qd2 Rab8 20. Qg5+
Kf8 21. Nf3 Nxb3 22. axb3 Bxa4 23. bxa4 Qe7 24. Qf4 b3 25. c3 Nh6 26. h3 h4
27. Qxh4 Qxh4 28. Nxh4 Nf5 29. Nf3 Ke7 30. Rd3 Nh4 31. Nd2 Rhc8 32. g3 Nf5
33. g4 Nh4 34. c4 g5 35. Rc1 Ng6 36. Rxb3 Rxb3 37. Nxb3 Nxe5 38. Nd2 f5 39.
Re1 1/2-1/2

[Event "8th ch-Euro"]
[Site "Dresden GER"]
[Date "2007.04.04"]
[Round "2"]
[White "Vitiugov,N"]
[Black "Polak,T"]
[Result "1/2-1/2"]
[WhiteElo "2604"]
[BlackElo "2500"]
[EventDate "2007.04.03"]

1. e4 e5 2. Bc4 Nf6 3. d3 c6 4. Nc3 d5 5. Bb3 Bd6 6. Nf3 dxe4 7. Nxe4 Nxe4
8. dxe4 h6 9. h3 Na6 10. c3 Nc5 11. Bc2 a5 12. Be3 Qe7 13. Qd2 Ne6 14.
O-O-O Bc7 15. g3 Bd7 16. Nh4 g6 17. Bxh6 O-O-O 18. Be3 Nf4 19. gxf4 Qxh4
20. fxe5 Bg4 21. hxg4 Rxd2 22. Rxh4 Rxd1+ 23. Kxd1 Rxh4 24. Bb3 Rxg4 25.
Bxf7 Kd8 26. f4 g5 27. fxg5 1/2-1/2

[Event "8th ch-Euro"]
[Site "Dresden GER"]
[Date "2007.04.04"]
[Round "2"]
[White "Galkin,A"]
[Black "Kanep,M"]
[Result "1-0"]
[WhiteElo "2590"]
[BlackElo "2504"]
[EventDate "2007.04.03"]

1. e4 c5 2. Nf3 d6 3. d4 cxd4 4. Nxd4 Nf6 5. Nc3 a6 6. Be2 e5 7. Nb3 Be7 8.
O-O Be6 9. f4 Qc7 10. g4 h6 11. g5 hxg5 12. fxg5 Nh7 13. h4 Nf8 14. Nd5 Qd8
15. Qe1 Ng6 16. h5 Nf4 17. Bxf4 exf4 18. Nxe7 Qxe7 19. Qh4 Nc6 20. Qxf4
O-O-O 21. Rad1 f6 22. gxf6 gxf6 23. Nd4 Rdg8+ 24. Kf2 Bh3 25. Nxc6 bxc6 26.
Rg1 Kb7 27. Rxg8 Rxg8 28. Rg1 Rxg1 29. Kxg1 Qg7+ 30. Kf2 Qg2+ 31. Ke3 Qg1+
32. Kd3 d5 33. exd5 cxd5 34. Qxf6 1-0

[Event "8th ch-Euro"]
[Site "Dresden GER"]
[Date "2007.04.04"]
[Round "2"]
[White "Van der Weide,K"]
[Black "Vaganian,R"]
[Result "0-1"]
[WhiteElo "2476"]
[BlackElo "2590"]
[EventDate "2007.04.03"]

1. e4 e6 2. d4 d5 3. Nc3 Bb4 4. e5 c5 5. a3 Bxc3+ 6. bxc3 Qa5 7. Bd2 Qa4 8.
h4 Nc6 9. Nf3 b6 10. h5 Ba6 11. Rh4 Bxf1 12. Kxf1 cxd4 13. cxd4 Rc8 14. Kg1
Nge7 15. h6 gxh6 16. c3 Qxd1+ 17. Rxd1 Nf5 18. Rh5 Rg8 19. Kh2 Na5 20. Kh3
Nb3 21. Be1 Rg6 22. Rb1 Na5 23. Bd2 Nc4 24. Bc1 Ng7 25. Rxh6 Rxh6+ 26. Bxh6
Nf5 27. Bc1 h5 28. Ng5 Nxa3 29. Rb3 Nc4 30. Nh7 Kd8 31. Nf6 h4 0-1

[Event "8th ch-Euro"]
[Site "Dresden GER"]
[Date "2007.04.04"]
[Round "2"]
[White "Popov,Val"]
[Black "Starostits,I"]
[Result "1-0"]
[WhiteElo "2590"]
[BlackElo "2472"]
[EventDate "2007.04.03"]

1. d4 d5 2. c4 dxc4 3. e3 Nf6 4. Bxc4 e6 5. Nf3 Be7 6. O-O O-O 7. Qc2 b6 8.
Nc3 Bb7 9. Rd1 Bxf3 10. gxf3 c6 11. f4 g6 12. e4 b5 13. Be2 a6 14. Bf3 Qc7
15. Be3 a5 16. Qe2 Nbd7 17. d5 b4 18. dxc6 bxc3 19. cxd7 Nxd7 20. Rac1 e5
21. Rxc3 Qb7 22. Rb3 Qc6 23. Qb5 Qxb5 24. Rxb5 Rfb8 25. Rxd7 Rxb5 26. Rxe7
Rxb2 27. fxe5 Rxa2 28. e6 fxe6 29. Bg4 Ra1+ 30. Kg2 e5 31. Bh6 1-0

[Event "8th ch-Euro"]
[Site "Dresden GER"]
[Date "2007.04.04"]
[Round "2"]
[White "Iljushin,A"]
[Black "Gustafsson,J"]
[Result "0-1"]
[WhiteElo "2510"]
[BlackElo "2584"]
[EventDate "2007.04.03"]

1. d4 d5 2. c4 c6 3. Nf3 Nf6 4. e3 Bg4 5. h3 Bxf3 6. gxf3 e6 7. Nc3 Nbd7 8.
Bd2 Be7 9. Qb3 Rb8 10. O-O-O dxc4 11. Bxc4 b5 12. Be2 O-O 13. Qc2 a6 14.
Kb1 c5 15. dxc5 Nxc5 16. Ne4 Ncxe4 17. fxe4 Rc8 18. Qd3 Qb6 19. f3 Rfd8 20.
Qb3 Nd7 21. Bc1 Nc5 22. Rxd8+ Qxd8 23. Qc2 Nd7 24. Qb3 Nc5 25. Qc2 Nd7 26.
Qb3 Qc7 27. f4 Qb7 28. Bf3 Nc5 29. Qc2 f5 30. Rd1 Nxe4 31. Bxe4 fxe4 32.
Qb3 Rc4 33. Rd4 Qc6 34. Rxc4 bxc4 35. Qb8+ Kf7 36. Bd2 Qa4 37. Kc1 Qxa2 38.
Bc3 Qa1+ 39. Kd2 Qf1 40. Qa7 Qg2+ 41. Kc1 Qxh3 42. Kb1 Qh5 43. Bxg7 Qc5 0-1

[Event "8th ch-Euro"]
[Site "Dresden GER"]
[Date "2007.04.04"]
[Round "2"]
[White "Kacheishvili,G"]
[Black "Jianu,V"]
[Result "0-1"]
[WhiteElo "2587"]
[BlackElo "2498"]
[EventDate "2007.04.03"]

1. g3 g6 2. Bg2 Bg7 3. d4 Nf6 4. e4 d6 5. Nc3 O-O 6. Nge2 c6 7. a4 Nbd7 8.
h3 e5 9. Be3 b6 10. O-O Bb7 11. g4 a6 12. Ng3 b5 13. Qd2 exd4 14. Bxd4 b4
15. Nce2 c5 16. Be3 Qe7 17. Rad1 Ne5 18. b3 Rfd8 19. Bh6 Qf8 20. Bxg7 Qxg7
21. Nf4 Nc6 22. Nfe2 Qf8 23. f4 Qe7 24. g5 Ne8 25. h4 Nc7 26. f5 Ne5 27. h5
d5 28. hxg6 hxg6 29. Qf4 dxe4 30. f6 Qe6 31. Nxe4 Bxe4 32. Qxe4 Rxd1 33.
Rxd1 Re8 34. Ng3 c4 35. Qh4 cxb3 36. Qh6 Qb6+ 37. Kh1 Ne6 38. Bh3 bxc2 39.
Rf1 Qc6+ 40. Kh2 c1=Q 41. Rxc1 Nf3+ 42. Kg2 Nf4+ 43. Kf2 Qb6+ 44. Kxf3 Re3+
45. Kf2 Rc3+ 0-1

[Event "8th ch-Euro"]
[Site "Dresden GER"]
[Date "2007.04.04"]
[Round "2"]
[White "Guseinov,G"]
[Black "Meier,Geo"]
[Result "1/2-1/2"]
[WhiteElo "2585"]
[BlackElo "2512"]
[EventDate "2007.04.03"]

1. e4 e6 2. Nc3 d5 3. Nf3 dxe4 4. Nxe4 Nd7 5. d4 Ngf6 6. Nxf6+ Nxf6 7. c3
c5 8. Ne5 a6 9. Be3 Qc7 10. Qa4+ Nd7 11. Bb5 cxd4 12. Bxd7+ Bxd7 13. Qxd4
f6 14. Nxd7 Qxd7 15. Qe4 O-O-O 16. O-O Qd5 17. Qa4 Bd6 18. Rad1 Qc6 19.
Qxc6+ bxc6 20. b4 Be5 21. c4 Rxd1 22. Rxd1 Rd8 23. Rxd8+ Kxd8 24. a4 Kc7
25. Kf1 Bd6 26. b5 axb5 27. cxb5 cxb5 28. axb5 g6 29. Ke2 Be5 30. Kd3 Bxh2
31. g3 h5 32. Ke4 h4 33. Kf3 hxg3 34. fxg3 g5 35. Kg2 Bxg3 36. Kxg3 f5 37.
Bc5 e5 38. Kf2 Kb7 39. Ke3 g4 40. Kd3 Kc7 1/2-1/2

[Event "8th ch-Euro"]
[Site "Dresden GER"]
[Date "2007.04.04"]
[Round "2"]
[White "Nechepurenko,R"]
[Black "Khairullin,I"]
[Result "0-1"]
[WhiteElo "2481"]
[BlackElo "2586"]
[EventDate "2007.04.03"]

1. d4 Nf6 2. c4 e6 3. Nf3 b6 4. g3 Ba6 5. b3 Bb7 6. Bg2 Bb4+ 7. Bd2 a5 8.
O-O O-O 9. Bf4 a4 10. Nbd2 Bc3 11. Rc1 Bb2 12. Rb1 a3 13. b4 Nc6 14. Qb3
Bxd4 15. Nxd4 Nxd4 16. Qd3 Bxg2 17. Kxg2 Nc6 18. Rb3 e5 19. Bg5 h6 20. Be3
d5 21. f3 Qe7 22. cxd5 Rad8 23. b5 Na5 24. Rxa3 Rxd5 25. Qc3 Rxb5 26. Bf2
e4 27. Qc1 Rd8 28. Re3 Re5 29. Re1 Rxd2 30. Qxd2 Nc4 31. Qc1 Nxe3+ 32. Bxe3
Qe6 33. a4 exf3+ 34. exf3 Qa2+ 35. Kg1 Nd5 36. Bd4 Rxe1+ 37. Qxe1 Qxa4 38.
Qe5 Nf6 39. g4 c5 40. Be3 Qe8 41. Qf5 Nd5 0-1

[Event "8th ch-Euro"]
[Site "Dresden GER"]
[Date "2007.04.04"]
[Round "2"]
[White "Damljanovic,B"]
[Black "Manolache,M"]
[Result "1/2-1/2"]
[WhiteElo "2590"]
[BlackElo "2491"]
[EventDate "2007.04.03"]

1. Nf3 Nf6 2. c4 d6 3. d4 g6 4. Nc3 Bg7 5. e4 O-O 6. h3 b6 7. Bd3 Nbd7 8.
O-O e5 9. d5 Nc5 10. Bc2 a5 11. Bg5 h6 12. Be3 Nh5 13. Qd2 Ba6 14. b3 Nf4
15. Kh2 Bc8 16. Ng1 f5 17. Rae1 Nxg2 18. Kxg2 f4 19. Bxc5 f3+ 20. Nxf3
Bxh3+ 21. Kxh3 Rxf3+ 22. Kg2 Rf4 23. Re3 bxc5 24. Rg3 Qh4 25. Rh1 Qf6 26.
f3 Rf8 27. Rhh3 h5 28. Qe2 h4 29. Rg4 Rxg4+ 30. fxg4 Bh6 31. Rf3 Qg5 32.
Rxf8+ Bxf8 33. Bd1 Bh6 34. Nb5 Qf4 35. Qf3 Qd2+ 36. Be2 Bf4 37. g5 Bxg5 38.
Nxc7 Qxa2 39. Ne6 Be7 40. Qe3 Qb1 41. Bf3 Kh7 42. Kh2 a4 43. bxa4 Qc2+ 44.
Qe2 Qxa4 45. Bg4 Qa5 46. Kh3 Qa1 47. Qf3 Kh6 48. Qe3+ Kh7 49. Bf3 Qf1+ 50.
Bg2 Qxc4 51. Qa3 Kg8 52. Kh2 Qe2 53. Qa8+ Kf7 54. Nc7 Qf2 55. Qe8+ Kf6 56.
Qh8+ Kg5 57. Ne6+ Kg4 58. Qh6 Qg3+ 59. Kh1 Qe1+ 60. Kh2 Qg3+ 1/2-1/2

[Event "8th ch-Euro"]
[Site "Dresden GER"]
[Date "2007.04.04"]
[Round "2"]
[White "Savchenko,B"]
[Black "Boros,De"]
[Result "1-0"]
[WhiteElo "2562"]
[BlackElo "2502"]
[EventDate "2007.04.03"]

1. e4 e5 2. Nf3 Nf6 3. d3 c6 4. g3 d6 5. Bg2 Be7 6. O-O O-O 7. Nc3 Nbd7 8.
a4 b6 9. Nh4 Nc5 10. Nf5 a5 11. f4 Bxf5 12. exf5 exf4 13. d4 Ncd7 14. Bxc6
fxg3 15. Bxa8 gxh2+ 16. Kxh2 Qxa8 17. Qf3 d5 18. Rg1 Kh8 19. Bf4 Qc6 20.
Rg2 Bb4 21. Nd1 Ne4 22. Ne3 Ndf6 23. Be5 Ne8 24. Kg1 f6 25. Bf4 Bd6 26. c4
dxc4 27. d5 Qc7 28. Qxe4 Bxf4 29. Nxc4 Be5 30. Nxe5 fxe5 31. Re1 Qc5+ 32.
Kh2 Nd6 33. Qxe5 Rf6 34. Re3 Rh6+ 35. Rh3 Rf6 36. Rxg7 Kxg7 37. Qe7+ Kg8
38. Rg3+ Rg6 39. Qd8+ Kg7 40. f6+ Kh6 41. Rh3+ Kg5 42. f7+ Rf6 43. Rg3+ Kf5
44. Rf3+ Kg4 45. Qxf6 1-0

[Event "8th ch-Euro"]
[Site "Dresden GER"]
[Date "2007.04.04"]
[Round "2"]
[White "Kempinski,R"]
[Black "Ragger,M"]
[Result "1-0"]
[WhiteElo "2590"]
[BlackElo "2487"]
[EventDate "2007.04.03"]

1. c4 Nf6 2. Nc3 c5 3. Nf3 Nc6 4. d4 cxd4 5. Nxd4 e6 6. e3 d5 7. cxd5 Nxd5
8. Nxc6 bxc6 9. e4 Nxc3 10. Qxd8+ Kxd8 11. bxc3 Bd6 12. Be3 Kc7 13. Bc4 a5
14. Rb1 Ba6 15. Bxa6 Rxa6 16. a4 Raa8 17. Bb6+ Kc8 18. Ke2 Rb8 19. Kd3 Bc7
20. Be3 Rd8+ 21. Kc4 Rxb1 22. Rxb1 f5 23. exf5 exf5 24. Bd4 g6 25. Re1 Kd7
26. g3 Rb8 27. Rd1 Rb2 28. Bc5+ Kc8 29. Re1 Bd8 30. Re8 Kd7 31. Rh8 Ra2 32.
Kb3 Ra1 33. Rxh7+ Ke6 34. Bd4 Be7 35. h4 Ra3+ 36. Kb2 Rxa4 37. h5 gxh5 38.
Rh6+ Kd5 39. Rxh5 Kc4 40. Rxf5 Ba3+ 41. Kc2 Be7 42. Re5 Bd6 43. Re6 Kd5 44.
Rh6 c5 45. Kb3 Ra1 46. Rh5+ Kc6 47. Be3 a4+ 48. Kc4 a3 49. Bxc5 a2 50. Bxd6
Rd1 51. Ra5 a1=Q 52. Rxa1 Rxa1 53. Be5 Ra4+ 54. Kd3 Kd5 55. Bd4 Ke6 56. Ke4
Ra2 57. g4 Re2+ 58. Be3 Rc2 59. Kd4 Re2 60. Ke4 Rc2 61. Bd4 Re2+ 62. Kf4
Re1 63. Kg5 Kf7 64. f4 Re6 65. Kh4 Re1 66. Kg5 Re6 67. Kf5 Ra6 68. Ke4 Ra1
69. f5 Re1+ 70. Be3 Re2 71. g5 Kg7 72. Kf4 Rc2 73. Bd4+ Kh7 74. Ke5 1-0

[Event "8th ch-Euro"]
[Site "Dresden GER"]
[Date "2007.04.04"]
[Round "2"]
[White "Ftacnik,L"]
[Black "Iotov,V"]
[Result "1/2-1/2"]
[WhiteElo "2582"]
[BlackElo "2505"]
[EventDate "2007.04.03"]

1. d4 Nf6 2. Nf3 e6 3. c4 d5 4. g3 Bb4+ 5. Bd2 Be7 6. Bg2 O-O 7. O-O c6 8.
Qc2 b6 9. b3 Ba6 10. Rd1 Nbd7 11. a4 c5 12. Na3 Ne4 13. Be3 Bb7 14. Ne5
cxd4 15. Bxd4 Nxe5 16. Bxe5 Bf6 17. Bb2 Qb8 18. Bxf6 Nxf6 19. Rac1 h6 20.
cxd5 Bxd5 21. Bxd5 Nxd5 22. e4 Nf6 23. f3 Rd8 24. Nc4 Rxd1+ 25. Rxd1 b5 26.
axb5 1/2-1/2

[Event "8th ch-Euro"]
[Site "Dresden GER"]
[Date "2007.04.04"]
[Round "2"]
[White "Azarov,S"]
[Black "Volke,K"]
[Result "1-0"]
[WhiteElo "2583"]
[BlackElo "2490"]
[EventDate "2007.04.03"]

1. e4 e5 2. Nf3 Nc6 3. Bb5 Nf6 4. d3 d6 5. O-O Bd7 6. Re1 g6 7. d4 Bg7 8.
d5 Ne7 9. Bxd7+ Nxd7 10. Be3 O-O 11. c4 h6 12. Nfd2 f5 13. f3 f4 14. Bf2 g5
15. Nc3 Ng6 16. b4 Nf6 17. c5 Rf7 18. Nc4 Bf8 19. a4 Rg7 20. c6 b6 21. a5
Rb8 22. axb6 axb6 23. Nb5 Qc8 24. Ra7 g4 25. Kh1 Ra8 26. Rxc7 Rxc7 27. Nxb6
Qb8 28. Nxa8 Rg7 29. Nb6 g3 30. Bg1 gxh2 31. Bf2 Nh5 32. c7 Rxc7 33. Nxc7
Qxc7 34. Qc1 Qa7 35. Qc2 Ng3+ 36. Kxh2 Qe7 37. Qc8 1-0